000 00292nam a22001337a 4500
008 170905b xxu||||| |||| 00| 0 eng d
020 _a0808752170
041 _aeng
080 _a070
100 _a40
101 _aMED
245 _aCOMMUNICATE IN PUBLIC
_cWALDHART.E.S
942 _2udc
_cBK
999 _c26170
_d26170